000 00573nam a2200205Ia 4500
003 GCL
008 140319s9999 xx 000 0 ara d
040 _aGCL /
_cGCL
082 0 4 _a953.0716
_bج م
100 1 _aجمال عبدالكريم
245 1 0 _aالموريسكيون : تاريخهم وادبهم /
_cجمال عبدالكريم
300 _a77 ص
490 _a
650 0 4 _aالاندلس
650 0 4 _aالتاريخ الاسلامى
650 0 4 _aالانا
650 0 4 _aغرناطة
650 0 4 _aالادب الموريسكى
942 _2ddc
_cBK
999 _c39144
_d39144